• 首页
  • 本馆介绍
  • 公告通知
  • 最新文献
  • 馆藏检索
  • 电子资源
  • 读者导购
  • 参考咨询
  • 我的图书馆
  • 登录
  • 详细信息显示
  • 放入我的书架
  • 预约/预借图书
  • 作者相关作品
  • 分类相关作品
  • 丛书相关作品
  • 出版社相关作品

书目信息

  • 表格格式
  • 工作单格式
  • 卡片格式
题名:
变革的力量
    
 
作者: 迈克·富兰 著 ;中央教育科学研究所 , 加拿大多伦多国际学院 译
分册:  
出版信息: 北京   教育科学出版社  2000.11
页数: 298页
开本: 16开
丛书名:
单 册:
中图分类: G511
科图分类:
主题词: 教育事业--世界
电子资源:
ISBN: 7-5041-2092-8
000 00886nam0 2200229 45
001 0205140840
005 20031219104055.5
010    @a7-5041-2092-8@dCNY30.00
100    @a20020514d2000 km y0chiy0120 ea
101 0  @achi@ceng
105    @a z 000yy
200 1  @a变革的力量@ABian Ge De Li Liang@e透视教育改革@ETou Shi Jiao Yu Gai Ge@f(加拿大)迈克·富兰(Fullan,M.)著@F(Jia Na Da)Mai Ke·Fu Lan(Fullan,M.)Zhu@g中央教育科学研究所,加拿大多伦多国际学院译
210    @a北京@c教育科学出版社@d2000.11
215    @a298页@d16开
517    @a透视教育改革@ATou Shi Jiao Yu Gai Ge
606 0  @a教育事业@x世界
690    @aG511@v4
701    @a迈克·富兰@bFullan,M.@4著
712 02 @a中央教育科学研究所@AZhong Yang Jiao Yu Ke Xue Yan Jiu Suo@4译
712 02 @a加拿大多伦多国际学院@AJia Na Da Duo Lun Duo Guo Ji Xue Yuan@4译
801    @aCN@bTSTC@c20020514
905    @b309711-715@dG511@e29@f5
    
    变革的力量:透视教育改革/(加拿大)迈克·富兰(Fullan,M.)著/中央教育科学研究所,加拿大多伦多国际学院译.-北京:教育科学出版社,2000.11
    298页;16开
    
    
    ISBN 7-5041-2092-8:CNY30.00
    
●
相关链接 在E读中查询图书 在五车中查询图书 在当当中查询图书 在豆瓣中查询图书


正题名:变革的力量     索取号:G511/29         预约/预借

序号 登录号 条形码 馆藏地/架位号 状态 备注
1 0309711   203097111   第四借阅区/ [索取号:G511/29] 在馆    
2 0309712   203097120   第四借阅区/ [索取号:G511/29] 在馆    
3 0309713   203097139   第四借阅区/ [索取号:G511/29] 在馆    
4 0309714   203097148   第四借阅区/ [索取号:G511/29] 在馆    
5 0309715   203097157   第一样本阅览室/ [索取号:G511/29] 在馆    
唐山师范学院图书馆 欢迎您!
大连网信软件有限公司© 版权所有